International Journal of Prisoner Health

Detalles Bibliográficos
Formato: eBook
Lenguaje:inglés
Publicado: Bingley: Emerald Group Publishing Limited, 2005 -
Materias:
Acceso en línea:Acceso restringido

MARC

LEADER 00000nam a22000007a 4500
005 20210209224826.0
007 cr|||| ||||
008 210209c20059999gb n|w s|||| 0|||b1eng d
022 |a 1744-9200 
035 |a 31932 
040 |a vLex 
090 |c 11133  |d 11133 
245 0 0 |a International Journal of Prisoner Health  |h [Recurso electrn̤ico] / 
256 |a Servicio en ln̕ea 
260 |a Bingley:  |b Emerald Group Publishing Limited,  |c 2005 - 
300 |a 1 recurso electrn̤ico 
310 |a Irregular 
362 |a Nð 1-1 (Ene. 2005) - 
506 1 |a Disponible solo en los productos indicados  |d vLex Global  |d vLex Global (Academic Edition, excluding Law Schools)  |d vLex Global (U.S. Academic Edition, Law Schools)  |d vLex Global (U.S. Academic Edition, excluding Law Schools)  |d vLex Global (Academic Edition, Law Schools) 
650 0 4 |a Derecho Penal  |z Reino Unido 
650 0 4 |a Derecho Pb︢lico y Administrativo  |z Reino Unido 
650 0 4 |a Derecho Internacional  |z Reino Unido 
740 0 |a vLex Revistas (Servicio en ln̕ea) 
856 4 0 |u http://vlex.com/source/31932  |z Acceso restringido 
942 |c REV 
999 0 |a Criminal Law 
999 0 |a Public and Administrative Law 
999 0 |a International Law